| 000 | 00570nam a2200193Ia 4500 | ||
|---|---|---|---|
| 005 | 20250326145620.0 | ||
| 008 | 250326s9999 xx 000 0 und d | ||
| 037 | _aTextbook | ||
| 040 |
_aFMSL _beng _cFMSL |
||
| 041 |
_aeng _2eng |
||
| 084 |
_aX:89Q Q2 _qFMSL |
||
| 100 |
_aSong Dong-wook _9751491 |
||
| 245 | 0 |
_aMaritime logistics contemporary issues _cSong Dong-wook; Panayides P M |
|
| 260 |
_aUnited Kingdom _bUnited Kingdom, Emerald _c2012 |
||
| 365 |
_aUSD _b125.99 |
||
| 650 | _aManagement | ||
| 942 |
_cTB _hX:89Q Q2 |
||
| 999 |
_c1308184 _d1308184 |
||